Nuestras vidas en Carpio: aportes para una historia popular /
Kaydedildi:
| Yazar: | |
|---|---|
| Diğer Yazarlar: | , , , |
| Materyal Türü: | Kitap |
| Dil: | Spanish |
| Baskı/Yayın Bilgisi: |
San José, Costa Rica :
Editorial de la Universidad de Costa Rica,
2009
|
| Seri Bilgileri: | Serie Instituto de Investigaciones Sociales
|
| Konular: | |
| Etiketler: |
Etiketle
Etiket eklenmemiş, İlk siz ekleyin!
|
MARC
| LEADER | 00000nam a2200000Ia 4500 | ||
|---|---|---|---|
| 008 | 170214b2009 cr a|||| |||| 00| | spa d | ||
| 999 | |c 577 |d 577 | ||
| 020 | |a 9789968460736 | ||
| 090 | |a 14.04.01 |b 1853 | ||
| 100 | 1 | |9 2456 |a Sandoval García, Carlos | |
| 245 | 1 | 0 | |a Nuestras vidas en Carpio: aportes para una historia popular / |c Carlos Sandoval García, Mónica Brenes Montoya, Karen Masís Fernández, Laura Paniagua Arguedas, Esteban Sánchez Solano |
| 260 | |a San José, Costa Rica : |b Editorial de la Universidad de Costa Rica, |c 2009 | ||
| 300 | |a 215 páginas, |b Ilustraciones | ||
| 490 | |a Serie Instituto de Investigaciones Sociales | ||
| 650 | 1 | 4 | |a DESARROLLO DE LA COMUNIDAD |9 2457 |
| 650 | 1 | 4 | |a DESARROLLO ECONÓMICO Y SOCIAL |9 445 |
| 651 | 4 | |9 2458 |a LA CARPIO (URUCA, SAN JOSE, COSTA RICA) | |
| 700 | 1 | |a Brenes Montoya, Mónica |e editor/a |9 2459 | |
| 700 | 1 | |a Masís Fernández, Karen |e editor/a |9 2460 | |
| 700 | 1 | |a Paniagua Arguedas, Laura |e editor/a |9 2461 | |
| 700 | 1 | |a Sánchez Solano, Esteban |e editor/a |9 2462 | |
| 942 | |i 002734 ,002735 |h 14.04.01 1853 |2 z |c 01 | ||



